Statistics for European History for Dummies

Click here to take the quiz!

General Stats

  • This quiz has been taken 56,083 times
  • The average score is 14 of 15

Answer Stats

QuestionAnswer% Correct
Who was the leader of Germany for most of WWII?Adolf Hitler
99%
What city is known as the "Birthplace of Democracy"?Athens
97%
Did the Vikings use guns?No
97%
What was the official language of the Soviet Union?Russian
96%
Who wrote "The Communist Manifesto"?Karl Marx
94%
Who paid for Christopher Columbus's voyages?Spain
94%
What was the largest and most important city in Europe when Jesus was alive?Rome
92%
True or False: The population of Europe is higher now than it was a thousand years ago.True
90%
Which one of these years was during the Middle Ages?1200 AD
89%
Who painted the ceiling of the Sistine Chapel?Michelangelo
88%
How many wives did Henry VIII have?6
86%
What was the nickname of Romanian ruler Vlad III?The Impaler
85%
Which of these was invented in Europe?The steam engine
83%
Why is Martin Luther famous?He started the Protestant Reformation
82%
What language did Alexander the Great speak?Greek
80%

Score Distribution

Percentile by Number Answered

Percent of People with Each Score

Your Score History

You have not taken this quiz